Japanese Puppet States Between 1932-1945 - Statistics

General Stats
  • This quiz has been taken 121 times
  • The average score is 5 of 12
Answer Stats
Timeframe Location Answer % Correct
1932-1945 Northeast China Manchukuo
87%
1945 French Indochina Imperial State of Vietnam
63%
1943-1945 Myanmar State of Burma
62%
1945 French Indochina Kingdom of Cambodia
60%
1943-1945 British Raj Provisional Government of Free India
58%
1943-1945 Philippine Islands Second Philippine Republic
52%
1936-1945 Inner Mongolia Mengjiang
49%
1940-1945 Previous 4 merged Reorganized National Government of China
39%
1937-1938 Pudong Great Way Municipal Government of Shanghai
22%
1935-1938 North China East Hebei Autonomous Council
19%
1937-1940 East China Provisional Government of the Republic of China
11%
1938-1940 East China Reformed Government of the Republic of China
8%
No matching quizzes found
Score Distribution
Percent of People with Each Score
Percentile by Number Answered
Your Score History
You have not taken this quiz